| 000 | 01118nam0a22002891 4500 | ||
|---|---|---|---|
| 001 | rc\4165547 | ||
| 005 | 20250611114840.0 | ||
| 021 |
_aRU _b[50-1930] |
||
| 035 | _a(NLR Aleph) 008179413 | ||
| 090 |
_a7905633 _c7905633 |
||
| 100 | _a20130415d1949 |||y0rusy50 ca | ||
| 101 | 1 |
_arus _cbel |
|
| 102 | _aRU | ||
| 105 | _ay z |||a| | ||
| 200 | 1 |
_aГлубокое течение _eРоман _fПер. с белорус. [С. Григорьевой |
|
| 210 |
_aМосква] _cСов. писатель _d1949 |
||
| 215 |
_a324 с. _d21 |
||
| 300 | _aПеред загл. авт.: Иван Шамякин | ||
| 606 |
_aПартизанское движение в Великой Отечественной войне _z1941-1945 гг. _yБелоруссия (х. л.) _2psbo |
||
| 606 |
_aВеликая Отечественная война 1941-1945 гг. (х. л.) _2psbo |
||
| 700 | 1 |
_aШамякин _bИ.П. _f1921-2004 _gИван Петрович |
|
| 702 | 1 |
_aГригорьева _bС. _4730 |
|
| 801 | 0 |
_aRU _bNLR _gpsbo |
|
| 801 | 1 |
_aRU _bELAR _2rusmarc |
|
| 852 |
_aNLR _jЛ40 Г-3/502 |
||
| 942 | _cBOOK | ||
| 980 | _aNB | ||